000 00455nam a22001817a 4500
003 CEME
005 20210628203549.0
008 210201b xxu||||| |||| 00| 0 eng d
020 _a969-0-10201-X
040 _c.
082 _a297.09 ABD
100 _aDr. Abdur Rauf
_966274
245 _aIllustrated history of islam
260 _aLAHORE
_bFEROZ SONS
_c1997
300 _a282
650 _aHISTORY OF ISLAM.ISLAMIC HISTORY
_966275
942 _cBK
_2ddc
999 _c574260
_d574260